Κείμενα νεοελληνικής λογοτεχνίας : Α' ενιαίου λυκείου

Αποθηκεύτηκε σε:
Λεπτομέρειες βιβλιογραφικής εγγραφής
Κύριος συγγραφέας: Γρηγοριάδης, Ν.
Μορφή: Βιβλίο
Γλώσσα:Greek
Δημοσίευση: Αθήνα : Ο.Ε.Δ.Β., 1999
Θέματα:
Ετικέτες: Προσθήκη ετικέτας
Δεν υπάρχουν, Καταχωρήστε ετικέτα πρώτοι!

MARC

LEADER 00000cam a2200000 i 4500
001 1/59168
008 020301s1999 gre d
020 |a 960-06-0017-1 
035 |l 10000455 
040 |a GR-MY-UA  |b gre  |e aacr 
041 0 |a gre 
082 0 |a 889.070495 
100 1 |a Γρηγοριάδης, Ν. 
245 1 0 |a Κείμενα νεοελληνικής λογοτεχνίας :  |b Α' ενιαίου λυκείου /  |c Ν. Γρηγοριάδης ... [κ.ά.] 
260 |a Αθήνα :   |b Ο.Ε.Δ.Β.,   |c 1999 
300 |a 526 σ. 
650 0 0 |a Greek literature, Modern  |x Study and teaching (Secondary) 
852 |a INST  |b RHODES  |e 20020326  |h 889.070495 ΚΕΙ  |p 005400016605  |q 005400016605  |t BK  |y 0 
852 |a INST  |b RHODES  |e 20020301  |h 889.070495 ΚΕΙ  |p 005400016631  |q 005400016631  |t BK  |y 0 
852 |a INST  |b RHODES  |e 20020301  |h 889.070495 ΚΕΙ  |p 005400016633  |q 005400016633  |t BK  |y 0 
852 |a INST  |b RHODES  |e 20020301  |h 889.070495 ΚΕΙ  |p 005400016634  |q 005400016634  |t BK  |y 0 
901 |a BIBL4-2002-1 
909 |a Ρ  |b 085304 
909 |a Ρ  |b 085305 
909 |a Ρ  |b 085306 
909 |a Ρ  |b 085307 
970 |a ΚΟΥΛΑΚΙΟΤΗ  |b ΛΙΤΣΑ  |z 2002/03/01